000 00345 a2200121 4500
000 nam a22 7a 4500
005 20260205114304.0
020 _a978-1-032-58199-6
100 _aKokkola, Lydia & Bossche, Sara Van Den
_91113845
245 _aEngagements with children's and young adult literature
260 _bRoutledge
_c2026
942 _cTB
999 _c1678695
_d1678695